[Event "17. Activity-Cup"]
[Site "Haus des Schachsports, 1020 Wi"]
[Date "2017.04.11"]
[Round "3.9"]
[White "Balint, Peter"]
[Black "Yushko, Andrey"]
[Result "1-0"]
[WhiteElo "1029"]
[BlackElo "855"]
[PlyCount "41"]
[EventDate "2017.04.10"]

1. e4 c5 2. Nf3 e6 3. d4 cxd4 4. Nxd4 d6 5. Bd3 Nf6 6. O-O Be7 7. Nc3 O-O 8.
Bg5 Bd7 9. Re1 Nc6 10. Nxc6 bxc6 11. Qd2 Rb8 12. Rab1 h6 13. Bh4 Qc7 14. h3
Rfe8 15. Re3 Nxe4 16. Rxe4 Qd8 17. Bxe7 Qxe7 18. Rg4 e5 19. Rg3 Be6 20. Qxh6
Qf8 21. Qh7# 1-0

[Event "17. Activity-Cup"]
[Site "Haus des Schachsports, 1020 Wi"]
[Date "2017.04.11"]
[Round "3.10"]
[White "Schirmbeck, David"]
[Black "Mandzhieva, Altana"]
[Result "0-1"]
[WhiteElo "845"]
[BlackElo "882"]
[PlyCount "62"]
[EventDate "2017.04.10"]

1. e4 e5 2. Nf3 Nc6 3. Nc3 Bc5 4. Bc4 Nf6 5. d3 O-O 6. O-O d6 7. Bg5 h6 8. Bxf6
Qxf6 9. Re1 Bg4 10. Nd5 Qd8 11. h3 Be6 12. c3 Ne7 13. Nxe7+ Qxe7 14. Bxe6 fxe6
15. b4 Bb6 16. d4 exd4 17. cxd4 e5 18. dxe5 dxe5 19. Qd5+ Kh8 20. Nxe5 Qxb4 21.
Qxb7 Bxf2+ 22. Kf1 Bxe1+ 23. Kg1 Qxb7 24. Ng6+ Kg8 25. Nxf8 Rxf8 26. Rxe1 Qb6+
27. Kh1 Qf2 28. Rg1 c5 29. g4 Qf3+ 30. Rg2 Qxh3+ 31. Rh2 Rf1# 0-1

[Event "17. Activity-Cup"]
[Site "Haus des Schachsports, 1020 Wi"]
[Date "2017.04.11"]
[Round "3.12"]
[White "Andorfer, Nicolai"]
[Black "Beroev, Matvey"]
[Result "1-0"]
[WhiteElo "984"]
[BlackElo "800"]
[PlyCount "81"]
[EventDate "2017.04.10"]

1. e4 e5 2. Nf3 Nc6 3. Nc3 Nf6 4. Bc4 Bc5 5. d3 d6 6. O-O O-O 7. Bg5 h6 8. Bxf6
gxf6 9. Nh4 f5 10. exf5 Qxh4 11. g3 Qf6 12. Qg4+ Kh8 13. Nd5 Qg7 14. Qxg7+ Kxg7
15. f6+ Kg8 16. Ne7+ Kh7 17. d4 Bxd4 18. Bd3+ Kh8 19. h4 Bd7 20. c3 Rg8 21.
Nxg8 Kxg8 22. cxd4 exd4 23. Rae1 Re8 24. Rxe8+ Bxe8 25. Re1 Kf8 26. f4 Nb4 27.
Be4 Bc6 28. Bxc6 bxc6 29. Rf1 d3 30. g4 d2 31. Rd1 c5 32. Rxd2 c4 33. g5 hxg5
34. fxg5 c3 35. bxc3 c5 36. cxb4 cxb4 37. Rxd6 Kg8 38. h5 a6 39. Rxa6 Kh8 40.
g6 Kg8 41. Ra8# 1-0

[Event "17. Activity-Cup"]
[Site "Haus des Schachsports, 1020 Wi"]
[Date "2017.04.11"]
[Round "4.1"]
[White "Georgiev, Daniel"]
[Black "Bilyalov, Erol"]
[Result "1-0"]
[WhiteElo "1509"]
[BlackElo "1270"]
[Annotator "Eröffnungsfalle, Doppelangriff"]
[PlyCount "29"]
[EventDate "2017.04.10"]

1. e4 e5 2. Nf3 Nc6 3. Bc4 Bc5 4. c3 Nf6 5. d4 Bb6 6. dxe5 Nxe4 $2 7. Qd5 Qe7
8. Qxe4 Qc5 9. Be3 Qe7 10. O-O f6 11. Bxb6 axb6 12. Re1 fxe5 13. Nxe5 Rf8 14.
Nxc6 Qxe4 15. Rxe4# 1-0

[Event "17. Activity-Cup"]
[Site "Haus des Schachsports, 1020 Wi"]
[Date "2017.04.11"]
[Round "4.2"]
[White "Kaspar, Sebastian"]
[Black "Radnaev, Nomin"]
[Result "0-1"]
[WhiteElo "1316"]
[BlackElo "1187"]
[Annotator "Entwicklungsrückstand, Gegenangriff"]
[PlyCount "48"]
[EventDate "2017.04.10"]

1. d4 d5 2. c4 e6 3. Nc3 Nf6 4. Bg5 Be7 5. c5 b6 6. b4 Nc6 7. a3 Ne4 8. Bxe7
Qxe7 9. Nxe4 dxe4 10. e3 bxc5 11. bxc5 e5 12. d5 Qxc5 13. dxc6 Qc3+ 14. Ke2
Ba6+ 15. Qd3 Bxd3+ 16. Kd1 Qxa1+ 17. Kd2 Bxf1 18. Ne2 O-O-O+ 19. Kc2 Qa2+ 20.
Kc1 Qxe2 21. Rxf1 Qxf1+ 22. Kb2 Rd3 23. f3 Qe2+ 24. Kb1 Rd1# 0-1

[Event "17. Activity-Cup"]
[Site "Haus des Schachsports, 1020 Wi"]
[Date "2017.04.11"]
[Round "4.3"]
[White "Wickramasinghe, Nathaniel"]
[Black "Balint, Peter"]
[Result "1-0"]
[WhiteElo "1329"]
[BlackElo "1029"]
[Annotator "Turmendspiel"]
[PlyCount "147"]
[EventDate "2017.04.10"]

1. e4 e5 2. Nf3 Nc6 3. Bc4 Nf6 4. Ng5 d5 5. exd5 Na5 6. Bb5+ c6 7. dxc6 bxc6 8.
Be2 Bc5 9. Nc3 O-O 10. O-O h6 11. Nge4 Be7 12. d3 Bf5 13. Be3 Nxe4 14. Nxe4
Bxe4 15. dxe4 Qxd1 16. Raxd1 Rfe8 17. c3 Nb7 18. Ba6 Nd8 19. Rd7 Ne6 20. Bb7
Rab8 21. Bxc6 Rxb2 22. Rxa7 Rc8 23. Bd7 Rc7 24. Bxe6 Rxa7 25. Bxf7+ Kxf7 26.
Bxa7 Rxa2 27. Be3 Ra3 28. Rc1 Rb3 29. g3 Ba3 30. Rc2 Rb1+ 31. Kg2 Rb8 32. c4
Rc8 33. c5 Ke7 34. Rc3 Bb4 35. Rb3 Bxc5 36. Bxc5+ $2 Rxc5 37. Rb7+ Kf6 38. Rb6+
Kf7 39. f4 exf4 40. gxf4 Rc2+ 41. Kg3 Rc3+ 42. Kg4 Rc4 43. Kf5 Rc5+ 44. e5 Rc2
45. h4 Rh2 46. e6+ Ke7 47. Rb7+ Ke8 48. Kg4 (48. Rxg7 $1 Rxh4 (48... Rf2 49.
Rh7) 49. Ke5 Rh2 (49... h5 50. Rg8+ Ke7 51. f5 $1) (49... Rh5+ 50. Kf6) 50. Kf6
) 48... Re2 $2 49. f5 Re4+ 50. Kg3 Re3+ 51. Kf4 Rh3 52. Kg4 Re3 53. Kh5 Rf3 54.
Kg6 Rg3+ 55. Kh7 Rf3 56. Kxg7 Rxf5 57. Kxh6 Rf6+ 58. Kg7 Rxe6 59. h5 Re7+ 60.
Rxe7+ Kxe7 61. h6 Ke6 62. h7 Ke7 63. h8=Q Ke6 64. Kg6 Kd6 65. Qd4+ Kc7 66. Qc5+
Kb8 67. Qe7 Kc8 68. Kf6 Kb8 69. Ke6 Kc8 70. Qd7+ Kb8 71. Kd6 Ka8 72. Kc6 Kb8
73. Qc7+ Ka8 74. Qb7# 1-0

[Event "17. Activity-Cup"]
[Site "Haus des Schachsports, 1020 Wi"]
[Date "2017.04.11"]
[Round "4.4"]
[White "Englisch, Tobias"]
[Black "Karapetian, Vahagn"]
[Result "1-0"]
[WhiteElo "1276"]
[BlackElo "1009"]
[Annotator "Feldräumung, Königsangriff"]
[PlyCount "27"]
[EventDate "2017.04.10"]

1. e4 e5 2. Nf3 Nf6 3. Nc3 Nc6 4. Bc4 Bc5 5. d3 d6 6. Bg5 Bg4 7. h3 Bd7 8. Nd5
O-O 9. Nxf6+ gxf6 10. Bh6 Re8 11. O-O Be6 12. Bxe6 Rxe6 13. Nd4 $1 Bxd4 (13...
f5 14. Nxe6 fxe6 15. exf5 exf5 16. Be3) 14. Qg4+ 1-0

[Event "17. Activity-Cup"]
[Site "Haus des Schachsports, 1020 Wi"]
[Date "2017.04.11"]
[Round "4.5"]
[White "Sölkner, Julian"]
[Black "Amtmann, Patrick"]
[Result "1-0"]
[WhiteElo "1109"]
[BlackElo "1198"]
[PlyCount "105"]
[EventDate "2017.04.10"]

1. e4 d5 2. e5 e6 3. d4 c5 4. c3 Nc6 5. Nf3 Nh6 6. Bxh6 gxh6 7. Bb5 Qb6 8.
Bxc6+ bxc6 9. O-O Qxb2 10. Nbd2 Qxc3 11. Rc1 Qa5 12. dxc5 Bxc5 13. Nb3 Qxa2 14.
Nxc5 a5 15. h3 Rg8 16. Re1 Qa3 17. Re3 Qb4 18. Rb3 Qf4 19. Qd2 Qxd2 20. Nxd2
Ke7 21. Rcb1 f6 22. f4 fxe5 23. fxe5 Rg6 24. Rb8 Rxb8 25. Rxb8 Bd7 26. Rb7 a4
27. Rxd7+ Ke8 28. Ra7 Rg5 29. Nf3 Rf5 30. Rxa4 h5 31. Nxe6 Kf7 32. Ra8 Kxe6 33.
Nd4+ Kxe5 34. Nxf5 Kxf5 35. Rc8 d4 36. Kf2 Ke4 37. Rxc6 d3 38. Rc4+ Kd5 39. Rh4
Ke5 40. Ke3 Kf5 41. Rxh5+ Kg6 42. Ra5 d2 43. Kxd2 h6 44. g4 Kh7 45. Ke3 Kg6 46.
Kf4 Kh7 47. Ra6 Kg7 48. h4 Kh7 49. g5 h5 50. Kf5 Kg7 51. Ra7+ Kh8 52. Kg6 Kg8
53. Ra8# 1-0

[Event "17. Activity-Cup"]
[Site "Haus des Schachsports, 1020 Wi"]
[Date "2017.04.11"]
[Round "4.6"]
[White "Schwab, Harald"]
[Black "Kober, Stefan"]
[Result "0-1"]
[WhiteElo "979"]
[BlackElo "1120"]
[Annotator "offene Linien, Figuren aktivieren"]
[PlyCount "130"]
[EventDate "2017.04.10"]

1. e4 e5 2. Nf3 Nc6 3. Bc4 Bc5 4. O-O Nf6 5. d3 h6 6. Nc3 O-O 7. Nd5 d6 8. h3
Be6 9. Bd2 a6 10. b4 Bd4 11. Nxd4 exd4 12. c3 b5 13. Nxf6+ Qxf6 14. Bxe6 fxe6
15. cxd4 Qxd4 16. Qg4 Qf6 17. Rae1 e5 $2 18. Re3 $2 ({Offene Linien nutzen:} 
18. Rc1 Nd4 19. Rxc7 {hätte für Weiß verheißungsvoller ausgesehen.} Kh7 20.
Be3 a5 21. Bxd4 exd4 22. bxa5 Rxa5 23. Qe2) 18... Qf4 19. Rg3 Qxg4 20. Rxg4 Rf6
21. Re1 Raf8 22. Be3 $2 Nxb4 23. Bd2 Nxd3 24. Re2 Nf4 25. Bxf4 Rxf4 26. Rg3 h5
27. Rc3 c5 28. g3 Rf3 29. Rce3 Rxe3 30. Rxe3 c4 31. Re1 Rc8 32. Rc1 c3 33. Kf1
b4 34. Ke2 a5 35. Kd3 a4 36. h4 Kf7 37. f3 Kf6 38. Rf1 c2 39. Kd2 b3 40. axb3
axb3 41. Kc1 g5 42. hxg5+ Kxg5 43. Kb2 c1=Q+ 44. Rxc1 Rxc1 45. Kxc1 h4 46.
gxh4+ Kxh4 47. Kb2 Kg3 48. Kxb3 Kxf3 49. Kc2 Kxe4 50. Kc1 Kf3 51. Kd1 Kf2 52.
Kd2 e4 53. Kd1 e3 54. Kc2 e2 55. Kd3 e1=Q 56. Kd4 Qe5+ 57. Kd3 d5 58. Kd2 Qe3+
59. Kc2 d4 60. Kb2 Qc3+ 61. Ka2 Qb4 62. Ka1 Ke2 63. Ka2 Kd2 64. Ka1 Kc2 65. Ka2
Qa4# 0-1

[Event "17. Activity-Cup"]
[Site "Haus des Schachsports, 1020 Wi"]
[Date "2017.04.11"]
[Round "4.7"]
[White "Mandzhieva, Altana"]
[Black "Andorfer, Nicolai"]
[Result "1-0"]
[WhiteElo "882"]
[BlackElo "984"]
[Annotator "Traxler-Variante"]
[PlyCount "19"]
[EventDate "2017.04.10"]

1. e4 e5 2. Nf3 Nc6 3. Bc4 Nf6 4. Ng5 Bc5 5. Nxf7 Qe7 ({In die wilde
Traxler-Variante geht es mit} 5... Bxf2+ 6. Kxf2 (6. Kf1 Qe7 7. Nxh8 Bb6 8. Nc3
d6 9. Bf7+ Kd8 10. Bc4 Bg4 11. Be2 Bxe2+ 12. Kxe2 Nd4+ 13. Ke1 c6 14. a4 Kc7)
6... Nxe4+ 7. Ke3 Qh4 8. g3 Nxg3 9. hxg3 Qd4+ 10. Kf3 d5) 6. Nxh8 Nxe4 7. O-O
g6 8. Qf3 Qh4 9. Qf7+ Kd8 10. Qg8+ 1-0

[Event "17. Activity-Cup"]
[Site "Haus des Schachsports, 1020 Wi"]
[Date "2017.04.11"]
[Round "4.10"]
[White "Wickramasinghe, Aidan"]
[Black "Schirmbeck, David"]
[Result "1-0"]
[WhiteElo "973"]
[BlackElo "845"]
[PlyCount "59"]
[EventDate "2017.04.10"]

1. e4 e5 2. Nf3 Nc6 3. Bc4 Bc5 4. Ng5 Qxg5 5. O-O d6 6. d4 exd4 7. Bxg5 Ne5 8.
b3 Nf6 9. Bxf6 gxf6 10. Qh5 Bd7 11. f4 Nxc4 12. bxc4 Rf8 13. Qxh7 Be6 14. Nd2
O-O-O 15. f5 Rh8 16. Qg7 Rhg8 17. Qxf6 Rgf8 18. fxe6 Bb4 19. Nb3 Bc3 20. Rab1
Rfe8 21. exf7 Rf8 22. Qe6+ Kb8 23. Qe7 b6 24. Rbd1 Rfe8 25. fxe8=Q Rxe8 26.
Qxe8+ Kb7 27. Rf7 a6 28. Qd7 Ka7 29. Qxc7+ Ka8 30. Qa7# 1-0

[Event "17. Activity-Cup"]
[Site "Haus des Schachsports, 1020 Wi"]
[Date "2017.04.11"]
[Round "4.11"]
[White "Suleimanli, Muhammad"]
[Black "Schirmbeck, Klara"]
[Result "1-0"]
[WhiteElo "953"]
[BlackElo "800"]
[PlyCount "67"]
[EventDate "2017.04.10"]

1. d4 d5 2. c4 dxc4 3. Nc3 Nc6 4. d5 Na5 5. Nf3 Nf6 6. Bf4 g6 7. e3 Bg7 8. b4
cxb3 9. axb3 O-O 10. Rxa5 Bg4 11. Be2 c6 12. dxc6 Qxa5 13. Qd2 Qa1+ 14. Bd1
Bxf3 15. gxf3 Rfd8 16. Qc2 Nd5 17. Nxd5 Rxd5 18. O-O bxc6 19. Be2 Qa5 20. Qxc6
Rad8 21. Bc7 Rg5+ 22. Kh1 Qb4 23. Bxd8 Be5 24. Qe8+ Kg7 25. f4 Bxf4 26. exf4
Qxf4 27. Rg1 Rh5 28. Bxh5 Qe4+ 29. Rg2 Qe1+ 30. Rg1 Qe4+ 31. f3 Qe5 32. Bg4 Qd4
33. Bxe7 Qe3 34. Qf8# 1-0

[Event "17. Activity-Cup"]
[Site "Haus des Schachsports, 1020 Wi"]
[Date "2017.04.11"]
[Round "4.12"]
[White "Yushko, Andrey"]
[Black "Ernst, Robert"]
[Result "0-1"]
[WhiteElo "855"]
[BlackElo "867"]
[Annotator "Abzug, Zwischenschach"]
[PlyCount "160"]
[EventDate "2017.04.10"]

1. e4 e5 2. d4 exd4 3. Qxd4 Nc6 4. Qe3 Be7 5. Nc3 d6 6. Bd2 Bg4 7. Be2 Nb4 8.
O-O-O Bxe2 9. Qxe2 Bf6 10. Kb1 Ne7 11. Nf3 O-O 12. h4 Re8 13. g4 Ned5 14. g5
Bxc3 15. bxc3 Na6 16. Qd3 Ne7 17. h5 c6 18. g6 fxg6 19. hxg6 Nxg6 20. Nd4 Nc5
21. Qe3 Nxe4 22. Qd3 Nxf2 23. Qf1 Nxh1 24. Qxh1 Qb6+ 25. Nb3 a5 26. a4 c5 27.
c4 d5 28. Qf1 Rf8 29. Qd3 Rad8 30. Bxa5 dxc4 $4 31. Qxd8 $4 (31. Qxc4+ Kh8 32.
Bxb6 ({noch etwas stärker ist} 32. Rxd8 Qf6 33. Rxf8+ Nxf8 34. Nxc5 b6 35. Ne4
Qd8 36. Bb4)) 31... Qxd8 32. Rxd8 cxb3 33. cxb3 Ne5 34. Rd5 Nc6 35. Rxc5 Nxa5
36. Rxa5 Rf3 37. Rb5 h5 38. Rxb7 h4 39. Rb8+ Kh7 40. a5 h3 41. Rc8 g5 42. Rc7+
Kh6 43. Rc1 Rxb3+ 44. Kc2 Ra3 45. Rh1 Rxa5 46. Rxh3+ Kg6 47. Rg3 Ra2+ 48. Kb1
Rh2 49. Kc1 Kf5 50. Rf3+ Ke4 51. Ra3 g4 52. Kd1 Kf4 53. Ke1 g3 54. Kf1 Rb2 55.
Rc3 g2+ 56. Kg1 Ke4 57. Rg3 Kf4 58. Rxg2 Rb1+ 59. Kh2 Kf3 60. Rg3+ Ke4 61. Rg1
Rb2+ 62. Rg2 Rb3 63. Rg4+ Kf5 64. Rg3 Rb2+ 65. Rg2 Rb8 66. Rf2+ Kg4 67. Kg1 Kg3
68. Kf1 Rb1+ 69. Ke2 Rb2+ 70. Kf1 Rxf2+ 71. Ke1 Rh2 72. Kf1 Ra2 73. Ke1 Kf3 74.
Kd1 Ke3 75. Kc1 Kd3 76. Kb1 Rh2 77. Kc1 Rg2 78. Kb1 Kc3 79. Ka1 Kb3 80. Kb1
Rg1# 0-1

[Event "17. Activity-Cup"]
[Site "Haus des Schachsports, 1020 Wi"]
[Date "2017.04.12"]
[Round "5.1"]
[White "Radnaev, Nomin"]
[Black "Georgiev, Daniel"]
[Result "0-1"]
[WhiteElo "1187"]
[BlackElo "1509"]
[Annotator "Damenfang, Doppelangriff"]
[PlyCount "64"]
[EventDate "2017.04.10"]

1. e4 c5 2. Nf3 d6 3. d4 cxd4 4. Nxd4 Nf6 5. Nc3 a6 6. Be3 e5 7. Nf5 Nxe4 8.
Ng3 Nxc3 9. bxc3 Be6 10. Bd3 Be7 11. Qf3 Nc6 12. c4 O-O 13. h4 Qd7 14. Qh5 f5
$1 15. Bg5 Bf6 16. Rd1 Nd4 17. c3 $2 Bf7 $1 18. Bxf5 Nxf5 19. Qg4 Be6 20. Qf3
Nxg3 21. Qxg3 Bxg5 22. Qxg5 Bxc4 23. g4 Bxa2 24. h5 Be6 25. h6 g6 26. O-O Bxg4
27. f3 Bf5 28. Rfe1 Rae8 29. f4 e4 30. c4 Qc6 31. Rd5 Qxc4 32. Rxd6 Qc5+ 0-1

[Event "17. Activity-Cup"]
[Site "Haus des Schachsports, 1020 Wi"]
[Date "2017.04.12"]
[Round "5.2"]
[White "Sölkner, Julian"]
[Black "Wickramasinghe, Nathaniel"]
[Result "1/2-1/2"]
[WhiteElo "1109"]
[BlackElo "1329"]
[PlyCount "76"]
[EventDate "2017.04.10"]

1. e4 e5 2. Nf3 Nc6 3. Nc3 Nf6 4. Bc4 Bc5 5. d3 d6 6. Bg5 h6 7. Bh4 g5 8. Bg3
Nh5 9. Nxe5 Nxg3 10. Bxf7+ Kf8 11. Ng6+ Kxf7 12. Nxh8+ Qxh8 13. Qf3+ Nf5 14.
exf5 Qe5+ 15. Qe4 Bxf5 16. Qxe5 dxe5 17. O-O-O Bxf2 18. Rdf1 Be3+ 19. Kd1 Ke6
20. Ke2 Bd4 21. Nb5 Bb6 22. h3 Nd4+ 23. Nxd4+ exd4 24. g4 Bg6 25. Rf3 Re8 26.
Kd2 Kd5 {Schwarz hat weniger als 5 Minuten Restbedenkzeit.} 27. Rf6 Re6 28.
Rxe6 Kxe6 29. Re1+ Kd5 30. b4 a5 31. a3 c5 32. bxc5 Bxc5 33. c4+ dxc3+ 34. Kxc3
Bxa3 35. Kb3 Bb4 36. Rd1 Kd4 37. Rc1 Bf7+ 38. Ka4 Kxd3 1/2-1/2

[Event "17. Activity-Cup"]
[Site "Haus des Schachsports, 1020 Wi"]
[Date "2017.04.12"]
[Round "5.3"]
[White "Bilyalov, Erol"]
[Black "Kaspar, Sebastian"]
[Result "0-1"]
[WhiteElo "1270"]
[BlackElo "1316"]
[Annotator "Figuren aktivieren"]
[PlyCount "120"]
[EventDate "2017.04.10"]

1. d4 d5 2. c4 c6 3. Nc3 Nf6 4. e3 Bf5 5. Bd3 Bxd3 6. Qxd3 e6 7. Nf3 Bb4 8. Bd2
O-O 9. a3 Bxc3 10. Bxc3 dxc4 11. Qxc4 Nbd7 12. O-O Nb6 13. Qd3 Re8 14. Ne5 Nfd7
15. f4 g6 16. Rac1 Nd5 17. Rf3 N7f6 18. e4 Nxc3 19. Rxc3 Qc7 20. f5 Qe7 21.
fxg6 fxg6 22. Rc2 Rf8 23. Rcf2 Nd7 24. Rxf8+ ({Stärker war hier} 24. Nf7 Qh4
25. g3 Qe7 26. Qc3 a5 27. d5 e5 28. d6 (28. dxc6 bxc6 29. Qxc6) 28... Qe6 29.
Qe3 a4 30. Qh6) 24... Rxf8 25. Rxf8+ Kxf8 26. Qf3+ Kg7 27. Qg3 Qd6 28. Nxd7
Qxd4+ 29. Kf1 Qxd7 30. Qe5+ Kf7 31. Qf4+ Ke7 32. e5 Qd3+ 33. Kf2 Qf5 34. Ke3
Qxf4+ 35. Kxf4 h6 36. h4 b5 37. b4 a6 38. g4 Kd7 39. Ke4 Kc7 40. Kd4 Kb6 41. g5
h5 42. Kc3 c5 43. Kd3 a5 44. Kc3 axb4+ 45. axb4 cxb4+ 46. Kxb4 Kc6 47. Ka5 Kc5
48. Ka6 b4 49. Kb7 Kd5 50. Kc7 b3 51. Kd7 b2 52. Ke7 b1=Q 53. Kf7 Kxe5 54. Kg7
Kf5 55. Kh7 e5 56. Kg7 Ke6 57. Kh7 Kf7 58. Kh6 Qb8 59. Kh7 Qg8+ 60. Kh6 Qh8#
0-1

[Event "17. Activity-Cup"]
[Site "Haus des Schachsports, 1020 Wi"]
[Date "2017.04.12"]
[Round "5.4"]
[White "Kober, Stefan"]
[Black "Englisch, Tobias"]
[Result "0-1"]
[WhiteElo "1120"]
[BlackElo "1276"]
[Annotator "Abtauschkombinationen, Grundreihe"]
[PlyCount "136"]
[EventDate "2017.04.10"]

1. e4 e5 2. Nf3 Nc6 3. Bc4 Nf6 4. Ng5 d5 5. exd5 Na5 6. Bb5+ c6 7. dxc6 bxc6 8.
Ba4 h6 9. Nf3 Nd7 10. Nc3 Bc5 11. O-O O-O 12. d3 Rb8 13. a3 Nb7 14. b4 Be7 15.
Bxc6 Qc7 16. Bxb7 ({Stark wäre} 16. Nd5 $1 Qd6 (16... Qxc6 $4 17. Nxe7+) 17.
d4 $1 Bf6 (17... exd4 18. Bf4) 18. Nxf6+ Qxf6 (18... Nxf6 19. Nxe5) 19. Bxd7
Bxd7 20. dxe5) (16. Nd4) 16... Bxb7 17. Ne4 Nf6 18. Nxf6+ Bxf6 19. Re1 e4 20.
dxe4 Bxa1 21. Be3 Bb2 22. Bxa7 Ra8 23. Bc5 Rfd8 24. Qe2 Bxa3 25. e5 Re8 26. Bd6
Qb6 27. Bc5 Bxf3 28. Qxf3 Qe6 29. Bd6 Bb2 30. Qg3 Bxe5 31. Bxe5 Qxe5 32. Qxe5
Rxe5 33. Rb1 Re2 34. c4 Rc2 35. c5 Rc4 36. Kf1 Rb8 37. Ke2 Rbxb4 38. Rd1 Rxc5
39. g3 g5 40. Kf3 Rc3+ 41. Kg2 f5 42. Rd8+ Kf7 43. Rd7+ Ke6 44. Rh7 Ke5 45.
Rxh6 Rb2 46. Rg6 g4 47. Rg8 Rcc2 48. Re8+ Kf6 49. Rf8+ Kg7 50. Rxf5 Kg6 51. Rf4
Kg5 52. Rf8 Rc6 53. Rf4 Rf6 54. Rxf6 Kxf6 55. Kg1 Kf5 56. Kg2 Ke4 57. h4 gxh3+
58. Kxh3 Rxf2 59. Kg4 Rf8 60. Kh3 Kf3 61. Kh4 Rg8 62. Kh5 Rxg3 63. Kh4 Rg1 64.
Kh5 Kf4 65. Kh6 Kf5 66. Kh7 Kf6 67. Kh8 Kf7 68. Kh7 Rh1# 0-1

[Event "17. Activity-Cup"]
[Site "Haus des Schachsports, 1020 Wi"]
[Date "2017.04.12"]
[Round "5.5"]
[White "Amtmann, Patrick"]
[Black "Mandzhieva, Altana"]
[Result "1-0"]
[WhiteElo "1198"]
[BlackElo "882"]
[PlyCount "69"]
[EventDate "2017.04.10"]

1. e4 e5 2. Nf3 Nc6 3. d4 exd4 4. Nxd4 Nf6 5. Nxc6 bxc6 6. Nc3 Bb4 7. Bd3 Qe7
8. O-O d5 9. exd5 cxd5 10. Re1 Ne4 11. Bxe4 dxe4 12. Rxe4 Be6 13. Nd5 Qd6 14.
Bf4 Qd7 15. Nxc7+ Ke7 16. Qxd7+ Kxd7 17. Rxb4 Rab8 18. Rxb8 Rxb8 19. Nxe6 Rxb2
20. Nxg7 Rxc2 21. Rd1+ Kc6 22. a3 Ra2 23. Rc1+ Kd5 24. Nf5 Ke4 25. Ng3+ Kxf4
26. Rc4+ Ke5 27. Ra4 f5 28. Rxa7 h5 29. h3 h4 30. Nf1 f4 31. Rh7 Rxa3 32. Rxh4
Ke4 33. g3 Rf3 34. Nd2+ Kf5 35. Nxf3 1-0

[Event "17. Activity-Cup"]
[Site "Haus des Schachsports, 1020 Wi"]
[Date "2017.04.12"]
[Round "5.6"]
[White "Pavlov, Roman"]
[Black "Suleimanli, Muhammad"]
[Result "1-0"]
[WhiteElo "1377"]
[BlackElo "953"]
[PlyCount "121"]
[EventDate "2017.04.10"]

1. e4 e5 2. Nf3 Nc6 3. Bb5 d6 4. d4 f6 5. d5 a6 6. Bxc6+ bxc6 7. dxc6 Ne7 8.
Nc3 Nxc6 9. O-O Bg4 10. Be3 Bxf3 11. Qxf3 Nd4 12. Qd1 Rb8 13. b3 Be7 14. Bxd4
exd4 15. Qxd4 c5 16. Qa4+ Qd7 17. Qxd7+ Kxd7 18. Nd5 Rhe8 19. c4 Bf8 20. f3 Re6
21. Rfe1 g6 22. Red1 Bg7 23. Rab1 a5 24. a3 Ree8 25. b4 a4 26. bxc5 Rxb1 27.
Rxb1 dxc5 28. Rb7+ Ke6 29. Rxg7 Rb8 30. Ra7 Rb1+ 31. Kf2 Rb2+ 32. Kg3 h5 33.
Rxa4 g5 34. Ra6+ Ke5 35. h3 h4+ 36. Kh2 Rb1 37. Nxf6 Kf4 38. Nd5+ Ke5 39. Rb6
Re1 40. Rb2 Kd4 41. Rc2 Kd3 42. Rc3+ Ke2 43. Re3+ Kd2 44. Rxe1 Kxe1 45. e5 Kf2
46. e6 g4 47. fxg4 Kf1 48. e7 Kf2 49. e8=Q Kf1 50. Qf7+ Ke2 51. Qf3+ Ke1 52.
Kg1 Kd2 53. Qe3+ Kd1 54. Kf1 Kc2 55. a4 Kd1 56. Qe2+ Kc1 57. Kf2 Kb1 58. Ke3
Kc1 59. Kd3 Kb1 60. Kc3 Kc1 61. Qc2# 1-0

[Event "17. Activity-Cup"]
[Site "Haus des Schachsports, 1020 Wi"]
[Date "2017.04.12"]
[Round "5.7"]
[White "Balint, Peter"]
[Black "Wickramasinghe, Aidan"]
[Result "1-0"]
[WhiteElo "1029"]
[BlackElo "973"]
[PlyCount "75"]
[EventDate "2017.04.10"]

1. e4 e5 2. Nf3 Nc6 3. Bb5 Bb4 4. Nc3 d6 5. O-O Nf6 6. Re1 a6 7. Ba4 b5 8. Bb3
O-O 9. Nd5 Be6 10. Nxf6+ Qxf6 11. Bxe6 Qxe6 12. a3 Bc5 13. b4 Bd4 14. Nxd4 Nxd4
15. c3 Nb3 16. Rb1 Nxc1 17. Rxc1 Qa2 18. Ra1 Qc4 19. Re3 a5 20. bxa5 Rxa5 21.
Rg3 Re8 22. Qg4 g6 23. Rh3 Qb3 24. g3 Rxa3 25. Rxa3 Qxa3 26. Rh5 Kf8 27. Rxh7
Qc1+ 28. Kg2 Qxd2 29. Qf3 Re7 30. Qf6 Ke8 31. Qf3 f6 32. Rh8+ Kf7 33. Rh7+ Ke8
34. Rh8+ Kf7 35. Rh7+ Kf8 36. Qxf6+ Kg8 37. Qxe7 Qe2 38. Qg7# 1-0

[Event "17. Activity-Cup"]
[Site "Haus des Schachsports, 1020 Wi"]
[Date "2017.04.12"]
[Round "5.10"]
[White "Andorfer, Nicolai"]
[Black "Beroev, Mikhail"]
[Result "0-1"]
[WhiteElo "984"]
[BlackElo "1324"]
[PlyCount "74"]
[EventDate "2017.04.10"]

1. e4 c5 2. Bc4 e6 3. Nf3 d6 4. d4 cxd4 5. Nxd4 Nf6 6. Nc3 Nxe4 7. Nxe4 d5 8.
Bb5+ Bd7 9. Nc3 Bxb5 10. Ndxb5 a6 11. Nd4 Bb4 12. a3 Ba5 13. b4 Bb6 14. Nf3 Qf6
15. Bd2 O-O 16. O-O Rc8 17. Na4 Ba7 18. Bg5 Qf5 19. Be3 Nd7 20. Rc1 Bxe3 21.
fxe3 b5 22. Nh4 Qe4 23. Nf3 Qxe3+ 24. Kh1 bxa4 25. Re1 Qxa3 26. Rb1 Qc3 27. Re2
Rab8 28. Qd4 Qxd4 29. Nxd4 Rc4 30. Nf3 Rcxb4 31. Rbe1 Rb1 32. Kg1 a3 33. Nd2
Rxe1+ 34. Rxe1 Rb2 35. Rc1 a5 36. Nf3 a2 37. Ne1 Rb1 0-1

[Event "17. Activity-Cup"]
[Site "Haus des Schachsports, 1020 Wi"]
[Date "2017.04.12"]
[Round "5.12"]
[White "Schirmbeck, Klara"]
[Black "Yushko, Andrey"]
[Result "0-1"]
[WhiteElo "800"]
[BlackElo "855"]
[PlyCount "74"]
[EventDate "2017.04.10"]

1. e4 c5 2. Nf3 e6 3. Nc3 d6 4. Bb5+ Bd7 5. Bc4 Nf6 6. d3 Be7 7. O-O O-O 8. Be3
Nc6 9. h3 a6 10. Qd2 b5 11. Bxe6 Bxe6 12. Ne2 d5 13. exd5 Nxd5 14. Bg5 Bxg5 15.
Nxg5 h6 16. Nf3 Qf6 17. Ne1 Qxb2 18. Qd1 Qf6 19. c4 bxc4 20. dxc4 Nc3 21. Nxc3
Qxc3 22. Nd3 Qxc4 23. Nb2 Qd5 24. Qe2 Nd4 25. Qd1 Nf5 26. Qa4 Rab8 27. Nd1 Ra8
28. Nc3 Qd3 29. Rac1 Ne7 30. Rfe1 Nd5 31. Nd1 Nb6 32. Qf4 Qd5 33. Rb1 Rab8 34.
Nc3 Qc6 35. Red1 Bc8 36. Qxb8 Bb7 37. Qe5 Qxg2# 0-1

[Event "17. Activity-Cup"]
[Site "Haus des Schachsports, 1020 Wi"]
[Date "2017.04.12"]
[Round "6.1"]
[White "Georgiev, Daniel"]
[Black "Kaspar, Sebastian"]
[Result "1/2-1/2"]
[WhiteElo "1509"]
[BlackElo "1316"]
[Annotator "Figuren aktivieren"]
[PlyCount "47"]
[EventDate "2017.04.10"]

1. e4 c5 2. Nf3 d6 3. d4 cxd4 4. Nxd4 Nf6 5. Nc3 g6 6. f3 Bg7 7. Be3 O-O 8. Qd2
Nc6 9. O-O-O e6 10. g4 Nxd4 11. Bxd4 a6 12. h4 b5 13. h5 b4 14. Nb1 a5 15. Bxf6
Qxf6 16. c3 bxc3 17. Qxc3 $2 Bh6+ $2 (17... Qf4+ 18. Qd2 Qxf3 19. Bg2 (19. Bd3
Bb7) 19... Qxg4) 18. Nd2 Qxc3+ 19. bxc3 Bxd2+ 20. Rxd2 Rd8 21. c4 Ba6 22. Kc2
Rac8 23. Kc3 d5 24. exd5 1/2-1/2

[Event "17. Activity-Cup"]
[Site "Haus des Schachsports, 1020 Wi"]
[Date "2017.04.12"]
[Round "6.2"]
[White "Radnaev, Nomin"]
[Black "Englisch, Tobias"]
[Result "1-0"]
[WhiteElo "1187"]
[BlackElo "1276"]
[Annotator "Eröffnungsfehler, Schottisch"]
[PlyCount "43"]
[EventDate "2017.04.10"]

1. e4 e5 2. Nf3 Nc6 3. d4 exd4 4. Nxd4 Bc5 5. Be3 Qf6 6. Nxc6 $6 Bxe3 7. fxe3
Qxb2 $2 8. Qd4 $1 Qxd4 $2 (8... Qc1+ 9. Kf2 (9. Qd1 Qxe3+) 9... Qxc2+ 10. Be2
Qxc6 11. Nc3 $14) 9. Nxd4 Nf6 10. Nc3 d6 11. Bb5+ Bd7 12. Bxd7+ Kxd7 13. Kf2
Rhe8 14. Rab1 b6 15. Nd5 Nxe4+ 16. Ke1 g5 17. Rf1 c5 18. Rxf7+ Kd8 19. Nc6+ Kc8
20. Nc7 Nc3 21. Nxe8 Nxb1 22. Rc7# 1-0

[Event "17. Activity-Cup"]
[Site "Haus des Schachsports, 1020 Wi"]
[Date "2017.04.12"]
[Round "6.3"]
[White "Wickramasinghe, Nathaniel"]
[Black "Pavlov, Roman"]
[Result "1/2-1/2"]
[WhiteElo "1329"]
[BlackElo "1377"]
[PlyCount "31"]
[EventDate "2017.04.10"]

1. e4 d5 2. exd5 Qxd5 3. Nc3 Qa5 4. Nf3 Bg4 5. h3 Bh5 6. d4 Nf6 7. Bd2 c6 8.
Be2 e6 9. Ne5 Bxe2 10. Qxe2 Qc7 11. Bf4 Qb6 12. O-O-O Be7 13. Ne4 O-O 14. g4
Nxe4 15. Qxe4 Bf6 16. Nf3 1/2-1/2